MARC

LEADER 00000nam0a2200000 4500
001 81499
005 20231101213156.0
020 |a RU  |b 84-39428 
035 |a (RuTPU)RU\TPU\book\87605 
090 |a 81499 
100 |a 20050921d1984 k y0rusy5003 ca 
101 0 |a rus 
102 |a RU 
105 |a a z 001zy 
200 1 |a Центры окраски и люминесценция кристаллов LiF  |e [монография]  |f А. И. Непомнящих, Е. А. Раджабов, А. В. Егранов  |g Академия наук СССР (АН СССР), Сибирское отделение (СО), Институт геохимии им. А. П. Виноградова (ИГХ) ; отв. ред. И. А. Парфианович 
210 |a Новосибирск  |c Наука  |d 1984 
215 |a 113 с.  |c ил. 
606 1 |a Щелочно-галоидные кристаллы  |x Дефекты точечные  |2 stltpush  |3 (RuTPU)RU\TPU\subj\80320  |9 88045 
610 1 |a литий 
610 1 |a фторид 
610 1 |a люминесценция 
610 1 |a центры окраски 
610 1 |a кристаллы 
675 |a 548.4  |z rus 
700 1 |a Непомнящих  |b А. И.  |g Александр Иосифович 
701 1 |a Раджабов  |b Е. А.  |g Евгений Александрович 
701 1 |a Егранов  |b А. В.  |g Александр Васильевич 
702 1 |a Парфианович  |b И. А.  |4 340 
712 0 2 |a Академия наук СССР (АН СССР)  |b Сибирское отделение (СО)  |b Институт геохимии им. А. П. Виноградова (ИГХ)  |c (Иркутск)  |2 stltpush  |3 (RuTPU)RU\TPU\col\1687 
801 0 |a RU  |b RuMRKP  |c 19950704  |g psbo 
801 1 |a RU  |b 63413507  |c 20050921  |g PSBO 
801 2 |a RU  |b 63413507  |c 20200909  |g PSBO 
942 |c BK